000
00296nam a22001217a 4500
020
_a
93-94472-66-2
082
_a
82-83=573.14
_b
MAN
100
_a
MANAVENDRA NADHAN
245
_a
Malayalathinte madhura mozhikal (Malayalam)
260
_a
Kannur
_b
Kairali Books
_c
2023
300
_a
112
942
_c
BK
999
_c
75189
_d
75189